000 00505cam a22001457a 4500
008 180718b1973 xxu||||| |||| 00| 0 eng d
082 _aG93x54 M145
100 _aMacDonald, Duncan Black
245 _aDevelopment of Muslim theology jurisprudence and constitutional theory
_cby Duncan B. MacDonald
260 _aNew Delhi
_bAmarko Book Agency
_c1973
300 _ax, 386p
650 _aConstitutional history --Islamic countries
650 _aIslamic law --History
650 _aIslam --Doctrines --History
999 _c427441
_d427441